Statistics for First Five Alphabetically #2

Click here to take the quiz!

General Stats

  • This quiz has been taken 53 times
  • The average score is 14 of 25

Answer Stats

Answer% Correct
Earth
100%
Alabama
98%
Mars
96%
Mercury
92%
Alaska
91%
Jupiter
91%
Neptune
91%
Arkansas
87%
Arizona
85%
California
77%
Bears
53%
Bills
43%
Broncos
43%
Dr. No
43%
Browns
42%
Casino Royale
38%
Bengals
36%
Die Another Day
32%
As You Like It
26%
All's Well That Ends Well
23%
Antony and Cleopatra
21%
Diamonds Are Forever
19%
Coriolanus
13%
Comedy of Errors
9%
For Your Eyes Only
9%

Score Distribution

Percentile by Number Answered

Percent of People with Each Score

Your Score History

You have not taken this quiz